Normal view
MARC view
- War in the desert; an R. A. F. frontier campaign
Entry Topical Term
001 - CONTROL NUMBER
- control field: 105960
003 - CONTROL NUMBER IDENTIFIER
- control field: NUST
005 - DATE AND TIME OF LATEST TRANSACTION
- control field: 20221226133841.0
008 - FIXED-LENGTH DATA ELEMENTS
- fixed length control field: 221226|| aca||aabn | a|a d
040 ## - CATALOGING SOURCE
- Original cataloging agency: NUST
- Transcribing agency: NUST
150 ## - HEADING--TOPICAL TERM
- Topical term or geographic name entry element: War in the desert; an R. A. F. frontier campaign
670 ## - SOURCE DATA FOUND
- Source citation: Work cat.: (NUST)184621: Glubb, John Bagot, Sir, 105959, War in the desert; an R. A. F. frontier campaign / , 1960
